000 00753nam a2200253Ia 4500
003 OSt
005 20220927105433.0
006 a|||||r|||| 00| 0
007 ta
008 220926b |||||||| |||| 00| 0 eng d
024 _a172817
037 _cReference Collections
040 _aRTL
_cRTL
_beng
041 _2eng
_aeng
082 _a"X71.235.N99 - N98, N8"
110 _aMaharashtra (Govt. of-)
_9372540
245 0 _aCivil budget estimates 1998-99.
260 _aMumbai
_bGovt. of Maharashtra.
_c1998
300 _aA 476p.
_ccm.
500 _aPart III-Appendices.
700 _aMaharashtra (Govt. of-)
_9372541
942 _h"X71.235.N99 - N98, N8"
_cCC
999 _c692559
_d692559